• 首页
  • 本馆介绍
  • 公告通知
  • 最新文献
  • 馆藏检索
  • 电子资源
  • 读者导购
  • 参考咨询
  • 我的图书馆
  • 登录
  • 详细信息显示
  • 放入我的书架
  • 预约/预借图书
  • 作者相关作品
  • 分类相关作品
  • 丛书相关作品
  • 出版社相关作品

书目信息

  • 表格格式
  • 工作单格式
  • 卡片格式
题名:
足球无疆
    
 
作者: 罗文 著 ;陈江源 译
分册:  
出版信息: 北京   新华出版社  2009
页数: 278页
开本: 24cm
丛书名:
单 册:
中图分类: G843.92
科图分类:
主题词: 足球运动--中国--现代--史料 , 足球运动
电子资源:
ISBN: 978-7-5011-8809-3
000 00978nam0 2200265 45
001 1129256937
005 20110420100754.16
010    @a978-7-5011-8809-3@dCNY35.00
100    @a20110416d2009 em y0chiy0110 ea
101 1  @achi@ceng
102    @aCN@b110000
105    @aa z 000yy
106    @ar
200 1  @a足球无疆@AZu Qiu Wu Jiang@e20年目睹中国足球之怪现状@E20 Nian Mu Du Zhong Guo Zu Qiu Zhi Guai Xian Zhuang@f(英)罗文著@F( Ying ) Luo Wen Zhu@g陈江源译
210    @a北京@c新华出版社@d2009
215    @a278页@c照片@d24cm
330    @a本书记录了作者在中国学习工作生活的方方面面,从一个外国人的视角反映了中国足球20多年来的变化。
517 1  @a20年目睹中国足球之怪现状@A20 Nian Mu Du Zhong Guo Zu Qiu Zhi Guai Xian Zhuang
606 0  @a足球运动@y中国@z现代@j史料
606 0  @a足球运动
690    @aG843.92@v4
701  0 @c(英)@a罗文@ALuo Wen@4著
702  0 @a陈江源@AChen Jiang Yuan@4译
801  0 @aCN@bTANGWEI@c20110420
905    @b0537748-52@dG843.92@e366@f5
    
    足球无疆:20年目睹中国足球之怪现状/(英)罗文著/陈江源译.-北京:新华出版社,2009
    278页:照片;24cm
    
    
    ISBN 978-7-5011-8809-3:CNY35.00
    本书记录了作者在中国学习工作生活的方方面面,从一个外国人的视角反映了中国足球20多年来的变化。
●
相关链接 在E读中查询图书 在五车中查询图书 在当当中查询图书 在豆瓣中查询图书


正题名:足球无疆     索取号:G843.92/366         预约/预借

序号 登录号 条形码 馆藏地/架位号 状态 备注
1 0537748   205377484   第一样本阅览室/ [索取号:G843.92/366] 在馆    
2 0537749   205377493   第四借阅区/ [索取号:G843.92/366] 在馆    
3 0537750   205377509   第四借阅区/ [索取号:G843.92/366] 在馆    
4 0537751   205377518   第四借阅区/ [索取号:G843.92/366] 在馆    
5 0537752   205377527   第四借阅区/ [索取号:G843.92/366] 在馆    
唐山师范学院图书馆 欢迎您!
大连网信软件有限公司© 版权所有